|
|
|
|
| LEADER |
00000cam a2200000 a 4500 |
| 001 |
vtls001468777 |
| 003 |
SK-MaSNL |
| 005 |
20260301094138.0 |
| 008 |
180812s1925 xo 0000d slo |
| 015 |
|
|
|a SNBA19191938-012890
|
| 035 |
|
|
|a SNK000424082
|
| 040 |
|
|
|a SNK
|b slo
|c SNK
|e AACR2
|
| 041 |
1 |
|
|a slo
|h cze
|
| 044 |
|
|
|a xo
|c SK
|
| 072 |
|
7 |
|a 821.162.3
|x Česká literatúra
|2 konspekt
|
| 080 |
|
|
|a 821.162.3-2
|2 2011
|
| 080 |
|
|
|a 821.162.3
|2 2011
|
| 080 |
|
|
|a (0:82-2)
|2 2011
|
| 100 |
1 |
|
|a Štolba, Josef,
|d 1846-1930
|4 aut
|9 421857
|
| 245 |
1 |
0 |
|a Testament. (Závet)
|b dráma v 3 dejstvách
|c Jozef Štolba ; poslov. Anna Gleimanová, rod. Urbánková
|
| 260 |
|
|
|a Trnava
|b František Urbánek
|c 1925
|e Trnava
|f Fr. Urbánek
|
| 300 |
|
|
|a 127, [1] s.
|c 8° (19x13 cm)
|
| 490 |
1 |
|
|a Divadelné hry Jozefa Štolbu
|v sv. 6
|
| 655 |
|
7 |
|a české drámy
|2 SNKPH
|9 82491
|
| 655 |
|
7 |
|a divadelné hry
|2 SNKPH
|9 70577
|
| 655 |
|
7 |
|a Czech drama
|2 SNKPHeng
|9 297799
|
| 655 |
|
7 |
|a Theatre plays
|2 SNKPHeng
|9 278336
|
| 700 |
1 |
|
|a Gleimanová, Anna,
|d 1896-1965
|4 trl
|9 249723
|
| 800 |
1 |
|
|a Štolba, Josef,
|d 1846-1930
|t Divadelné hry
|9 427493
|
| 852 |
|
|
|a Slovenská národná knižnica
|
| 958 |
|
|
|a OND
|
| 958 |
|
|
|a RK
|
| 958 |
|
|
|a TL
|
| 958 |
|
|
|a SKR
|
| 958 |
|
|
|a DF
|
| 999 |
|
|
|c 679384
|d 681314
|
| 952 |
|
|
|t P60, <04>, [BOOK], {604}
|a SNK
|b SNK
|y VYP
|7 0
|p 17A0413889
|o snkSD 891/6 D1
|i snkKSF 2717/57
|0 0
|1 0
|4 0
|d 2004-02-17
|l 0
|r 2005-01-02 00:00:00
|w 2026-02-23
|